[Event "Let's Play Chess!"]
[Site "http://www.queenalice.com/game.php?id=158223"]
[Date "2007.1.24"]
[Round "-"]
[White "rsgaspar"]
[Black "awesome"]
[Result "1-0"]
[WhiteElo "1806"]
[BlackElo "1162"]

1. e4 e5 2. Nf3 Nc6 3. Bc4 Bc5 4. c3 Nf6 5. d3 O-O 6. h3 d6 7. a4 Na5 8. Ba2 Nc6
9. b4 Nxb4 10. cxb4 Bxb4+ 11. Bd2 Bc5 12. Nc3 a6 13. O-O Bd7 14. Nd5 Nxd5 15.
Bxd5 c6 16. Bb3 Ba7 17. Bg5 Qe8 18. Nd2 Kh8 19. Nc4 Bc5 20. Qe2 f6 21. Be3 Bxe3
22. Qxe3 d5 23. Nb6 Rb8 24. exd5 cxd5 25. Nxd5 Rc8 26. Nb6 Rc3 27. Nxd7 Qxd7 28.
Bc4 Rd8 29. Qb6 h6 30. Rfb1 Rb8 31. Rb3 Rxb3 32. Qxb3 Qd4 33. Re1 Rc8 34. Qxb7
Rd8 35. Qxa6 Rd6 36. Qc8+ Rd8 37. Qa6 Qc3 38. Kf1 Qd4 39. a5 Rd6 40. Qc8+ Rd8
41. Qe6 Qc3 42. a6 Qa3 43. Qb6 Rd6 44. Qb8+ Kh7 45. a7 1-0

[Event "Let's Play Chess!"]
[Site "http://www.queenalice.com/game.php?id=159379"]
[Date "2007.1.26"]
[Round "-"]
[White "Moondawg"]
[Black "awesome"]
[Result "0-1"]
[WhiteElo "1500"]
[BlackElo "1100"]

1. e4 e5 2. Nf3 Nc6 3. Nc3 Bb4 4. a3 Bxc3 5. bxc3 Nf6 6. d3 d5 7. Bg5 dxe4 8.
dxe4 Qxd1+ 9. Rxd1 Bg4 10. Be2 Bxf3 11. Bxf3 O-O 12. Bxf6 gxf6 13. O-O Rad8 14.
Rd3 Rxd3 15. cxd3 Rd8 16. Be2 Ne7 17. f4 Ng6 18. f5 Nf4 19. Rf2 Nxe2+ 20. Rxe2
Rxd3 21. Rb2 b6 22. Re2 Rxc3 23. a4 Ra3 0-1

[Event "Let's Play Chess!"]
[Site "http://www.queenalice.com/game.php?id=159791"]
[Date "2007.1.27"]
[Round "-"]
[White "worlddomination"]
[Black "awesome"]
[Result "0-1"]
[WhiteElo "1605"]
[BlackElo "1100"]

1. d4 d5 2. c4 c6 3. Nf3 Nf6 4. Nc3 e6 5. Bg5 Be7 6. e3 Nbd7 7. Bd3 O-O 8. O-O
h6 9. Bh4 b6 10. cxd5 cxd5 11. Rc1 Bb7 12. Ne5 Nxe5 13. dxe5 Nd7 14. Bxe7 Qxe7
15. f4 Nc5 16. Bb1 Ba6 17. Rf3 Rad8 18. Rh3 f6 19. b4 Nd7 20. Qc2 f5 21. Qa4 Nb8
22. Nb5 Qd7 0-1

[Event "Let's Play Chess!"]
[Site "http://www.queenalice.com/game.php?id=159795"]
[Date "2007.1.27"]
[Round "-"]
[White "MontereyMatt"]
[Black "awesome"]
[Result "0-1"]
[WhiteElo "1026"]
[BlackElo "1100"]

1. Nc3 d5 2. d4 Nf6 3. Be3 Bf5 4. g3 Nc6 5. Bh3 Bxh3 6. Nxh3 Qd7 7. Bf4 Qxh3 8.
Nb5 O-O-O 9. Nxc7 Qg2 10. Rf1 Rd7 11. Nb5 Qxh2 12. Qd3 Nb4 13. Qb3 Nc6 14. Qa3
Nh5 15. Nxa7+ Nxa7 16. Qxa7 Nxf4 17. gxf4 Qxf4 18. b4 e5 19. b5 Bb4+ 20. c3
Bxc3+ 21. Kd1 Qd2# 0-1

[Event "Rematch"]
[Site "http://www.queenalice.com/game.php?id=160040"]
[Date "2007.1.28"]
[Round "-"]
[White "awesome"]
[Black "Moondawg"]
[Result "0-1"]
[WhiteElo "1165"]
[BlackElo "1544"]

1. e4 e5 2. Nf3 Nc6 3. Bb5 Nge7 4. O-O a6 5. Ba4 b5 6. Bb3 Nd4 7. Nxd4 exd4 8.
c3 d3 9. Re1 Rb8 10. Re3 Bb7 11. Qh5 g6 12. Qf3 f5 13. Qf4 Bxe4 14. f3 Bc6 15.
Rxd3 d5 16. Qe5 Rg8 17. Rd4 Bg7 18. Qf4 Bxd4+ 19. Qxd4 Qd6 20. d3 g5 21. Qf2 f4
22. Nd2 Rg6 23. Qa7 Ra8 24. Qd4 Qf6 25. Qf2 Bd7 26. d4 g4 27. Bc2 Rg7 28. Nb3 h5
29. Nc5 gxf3 30. Qxf3 Bg4 31. Qf2 Bh3 32. g3 f3 33. Bf4 Qxf4 34. Ne6 Bxe6 35.
Re1 Bh3 36. Bh7 Kd7 37. Kh1 Qf6 38. Bd3 Re8 39. Re5 Bg2+ 40. Kg1 Rg5 41. Re3 Nc8
42. Rxe8 Kxe8 43. Qe3+ Kd7 44. Kf2 Rg7 45. Qd2 h4 46. Bf1 hxg3+ 47. Kg1 Bxf1 48.
Kxf1 g2+ 0-1

[Event "Challenge"]
[Site "http://www.queenalice.com/game.php?id=160054"]
[Date "2007.1.28"]
[Round "-"]
[White "Morpheubsb"]
[Black "awesome"]
[Result "0-1"]
[WhiteElo "1125"]
[BlackElo "1327"]

1. d4 d5 2. Nc3 Nf6 3. e3 Nc6 4. Nf3 Bg4 5. h3 Bh5 6. Be2 Bxf3 7. gxf3 e6 8. Qd3
Nb4 9. Qb5+ Nc6 10. Qxb7 Na5 11. Bb5+ Nd7 12. e4 Nxb7 13. h4 a6 14. Be2 Bb4 15.
Bd2 Bxc3 16. Bxc3 O-O 17. O-O-O c5 18. Rhg1 Qxh4 19. e5 Qxf2 20. Rge1 c4 21. f4
Qxf4+ 22. Bd2 Qxd4 23. Bc3 Qe3+ 24. Kb1 Qf2 25. Bb4 Nbc5 26. Bg4 Rab8 27. Rf1
Qe3 28. Bf3 Rxb4 29. Rd3 Nxd3 30. cxd3 Qxd3+ 31. Ka1 Qxf1+ 32. Bd1 Qxd1# 0-1

[Event "Challenge"]
[Site "http://www.queenalice.com/game.php?id=160223"]
[Date "2007.1.28"]
[Round "-"]
[White "lica"]
[Black "awesome"]
[Result "0-1"]
[WhiteElo "1129"]
[BlackElo "1199"]

1. e4 e5 2. Nf3 Nc6 3. c4 Nf6 4. Nc3 Bb4 5. a3 Bxc3 6. bxc3 O-O 7. d3 h6 8. Nxe5
Nxe5 9. Bf4 d6 10. Be2 Nc6 11. g3 Bd7 12. Rb1 Qc8 13. h4 Bg4 14. f3 Bd7 15. c5
dxc5 16. e5 Nd5 17. Qb3 Nxf4 18. gxf4 Be6 19. Qd1 Ba2 20. Ra1 Be6 21. Rg1 Bf5
22. Qb3 Na5 23. Qd5 Rd8 24. Qxc5 Nb3 25. Qc4 Nxa1 26. Qa2 Bxd3 27. Bd1 Qd7 28.
h5 Qh3 29. e6 Qxe6+ 30. Qxe6 fxe6 31. a4 Bc4 32. f5 exf5 33. Rg6 Re8+ 34. Kd2
Rad8+ 35. Kc1 Re1 36. Rc6 Rdxd1+ 37. Kb2 Re2+ 38. Ka3 Nc2+ 39. Kb2 Nd4+ 40. Ka3
Nxc6 0-1

[Event "Let's Play Chess!"]
[Site "http://www.queenalice.com/game.php?id=160367"]
[Date "2007.1.29"]
[Round "-"]
[White "ChrisDavison102"]
[Black "awesome"]
[Result "0-1"]
[WhiteElo "1888"]
[BlackElo "1295"]

1. e4 e5 2. Nf3 Nc6 3. Bb5 d6 4. d4 a6 5. Ba4 Bd7 6. c3 Nf6 7. Bg5 Be7 8. Nbd2
Bg4 9. d5 b5 10. dxc6 bxa4 11. Qxa4 Bxf3 12. Nxf3 h6 13. Bxf6 Bxf6 14. O-O O-O
15. Rfd1 Qb8 16. Qb3 Qxb3 17. axb3 Rfb8 18. Ra3 Rb6 19. b4 Rxc6 20. b5 Rb6 21.
c4 a5 22. Rda1 c6 23. Rxa5 Rxa5 24. Rxa5 cxb5 25. Rxb5 Rxb5 26. cxb5 Bd8 27. Kf1
Kf8 28. Ke2 Ke7 29. Kd3 Bb6 30. Nd2 Bxf2 31. Nc4 Ke6 32. b6 d5 33. exd5+ Kxd5
34. b7 e4+ 35. Ke2 Ba7 36. Ne3+ Kc6 37. Nf5 Kxb7 38. Nxg7 Kc6 39. Nf5 Bb8 40. g3
h5 41. Ke3 Kd5 42. Ne7+ Ke6 43. Nc6 Be5 44. Nxe5 Kxe5 45. b4 Kd5 46. b5 f5 47.
h3 Kc5 48. g4 hxg4 49. h4 g3 50. h5 f4+ 51. Ke2 f3+ 52. Kf1 e3 53. h6 e2+ 54.
Ke1 g2 55. Kf2 g1=Q+ 56. Kxg1 e1=Q+ 0-1

[Event "rye bread"]
[Site "http://www.queenalice.com/game.php?id=160627"]
[Date "2007.1.30"]
[Round "-"]
[White "awesome"]
[Black "appalachia"]
[Result "1-0"]
[WhiteElo "1162"]
[BlackElo "1130"]

1. e4 d5 2. exd5 Qxd5 3. Nc3 Qd8 4. d4 e6 5. Nf3 Bb4 6. Bd2 f5 7. Bd3 Nc6 8. a3
Bxc3 9. Bxc3 g6 10. O-O f4 11. Re1 Nge7 12. Ne5 Nxe5 13. dxe5 g5 14. Re4 b6 15.
Rd4 Nd5 16. Be4 Bb7 17. Bxd5 Bxd5 18. Qh5+ Kd7 19. Rad1 c6 20. b4 Qe8 21. Qxg5
Qg8 22. Qxg8 Raxg8 23. f3 c5 24. bxc5 bxc5 25. Ra4 Ra8 26. Ra5 Kc6 27. Rb1 c4
28. Ra6+ Kd7 29. Bd4 Rhb8 30. Rxb8 Rxb8 31. Rxa7+ Kc6 32. Rxh7 Kb5 33. Ra7 Rb6
34. Bxb6 Kxb6 35. Rf7 1-0

[Event "Challenge"]
[Site "http://www.queenalice.com/game.php?id=162384"]
[Date "2007.2.1"]
[Round "-"]
[White "Moondawg"]
[Black "awesome"]
[Result "0-1"]
[WhiteElo "1628"]
[BlackElo "1229"]

1. e4 e5 2. Nf3 Nc6 3. Bb5 d6 4. d4 a6 5. Bc4 Bg4 6. Be2 Bxf3 7. Bxf3 Nxd4 8. c3
Nxf3+ 9. Qxf3 Qf6 10. Qg3 h6 11. Qe3 Qg6 12. O-O Nf6 13. Qe2 Qxe4 14. Be3 d5 15.
f3 Qc4 16. Qd1 Bc5 17. b3 Bxe3+ 18. Kh1 Qf4 19. h3 Nh5 0-1

[Event "Challenge"]
[Site "http://www.queenalice.com/game.php?id=162760"]
[Date "2007.2.2"]
[Round "-"]
[White "queiroga"]
[Black "awesome"]
[Result "0-1"]
[WhiteElo "1224"]
[BlackElo "1299"]

1. e4 e5 2. Nf3 Nc6 3. Bc4 Be7 4. O-O Nf6 5. Ng5 O-O 6. Bxf7+ Rxf7 7. Nxf7 Kxf7
8. Nc3 Kg8 9. d3 d5 10. exd5 Nxd5 11. Qh5 Nf6 12. Qg5 Nd4 13. Qg3 Nxc2 14. Bh6
Nh5 15. Qxe5 Nxa1 16. Rxa1 Qd6 17. Qxh5 Qxh6 18. Qe8+ Bf8 19. Re1 Qg6 20. Qd8
Qd6 21. Qh4 Be6 22. Ne4 Qxd3 23. Ng5 Bf5 24. g4 Qd2 25. Rf1 Bg6 26. Qg3 Qxg5 27.
Qxc7 Qxg4+ 28. Qg3 Qxg3+ 29. fxg3 Bc5+ 30. Kg2 Rf8 31. Rxf8+ Kxf8 32. h3 Kf7 33.
a3 Bc2 34. b4 Bd4 35. Kf1 Bb2 36. Ke2 Bxa3 37. Kd2 Ba4 38. Kc3 Kf6 39. g4 Kg5
40. Kd4 Kh4 41. Ke5 Kxh3 42. Ke6 Bxb4 43. Kf7 Bc3 44. Kg8 h6 45. Kh7 Kxg4 46.
Kg6 Bc2+ 47. Kf7 Kf5 48. Kg8 a5 49. Kf7 a4 50. Ke7 a3 51. Kd6 a2 52. Kc7 a1=Q
53. Kxb7 Be4+ 54. Kc7 Be5+ 55. Kd7 Qa4+ 56. Ke7 Qa7+ 57. Ke8 Kf6 58. Kd8 Qc7+
59. Ke8 Qe7# 0-1

[Event "Let's Play Chess!"]
[Site "http://www.queenalice.com/game.php?id=162862"]
[Date "2007.2.3"]
[Round "-"]
[White "DGFerguson"]
[Black "awesome"]
[Result "1-0"]
[WhiteElo "1437"]
[BlackElo "1332"]

1. c4 e5 2. e3 Nc6 3. Nc3 Nf6 4. b3 Bb4 5. Nf3 Bxc3 6. dxc3 O-O 7. Bd3 Re8 8. b4
e4 9. b5 Na5 10. Be2 exf3 11. Bxf3 Nxc4 12. O-O d5 13. Qd4 Nb6 14. Bb2 1-0

[Event "Let's Play Chess!"]
[Site "http://www.queenalice.com/game.php?id=163117"]
[Date "2007.2.3"]
[Round "-"]
[White "awesome"]
[Black "cislau"]
[Result "0-1"]
[WhiteElo "1342"]
[BlackElo "1755"]

1. e4 c5 2. Nf3 Nc6 3. Bb5 g6 4. O-O Bg7 5. Nc3 Nf6 6. e5 Ng4 7. Re1 Bxe5 8.
Bxc6 Bxc3 9. Bxd7+ Bxd7 10. bxc3 Bc6 11. Ba3 b6 12. Ne5 Nxe5 13. Rxe5 f6 14. Re1
Qd5 15. f3 e5 16. d4 cxd4 17. cxd4 O-O-O 18. dxe5 fxe5 19. Qxd5 Rxd5 20. c4 Rd4
21. Bb2 Rxc4 22. Rac1 Rxc1 23. Rxc1 Kb7 24. Bxe5 Rd8 25. a3 Rd2 26. f4 Rxg2+ 0-1

[Event "again?"]
[Site "http://www.queenalice.com/game.php?id=164033"]
[Date "2007.2.5"]
[Round "-"]
[White "awesome"]
[Black "Moondawg"]
[Result "0-1"]
[WhiteElo "1336"]
[BlackElo "1635"]

1. Nf3 Nc6 2. d4 d5 3. Nc3 e6 4. Bf4 a6 5. e3 h6 6. Bd3 Nf6 7. O-O Be7 8. h3 O-O
9. Re1 b5 10. a3 Rb8 11. Ne5 Nxe5 12. dxe5 Nd7 13. Qg4 Bg5 14. Rad1 Nc5 15. b4
Nxd3 16. Rxd3 Qe7 17. Bxg5 Qxg5 0-1

[Event "Let's Play Chess!"]
[Site "http://www.queenalice.com/game.php?id=165504"]
[Date "2007.2.8"]
[Round "-"]
[White "Germano"]
[Black "awesome"]
[Result "1-0"]
[WhiteElo "1500"]
[BlackElo "1295"]

1. f4 d5 2. Nf3 Nf6 3. e3 Bg4 4. Nc3 Nc6 5. Be2 e6 6. O-O Bb4 7. Ne5 Bxe2 8.
Qxe2 Bxc3 9. bxc3 Nxe5 10. fxe5 Nd7 11. Rb1 Rb8 12. d4 O-O 13. c4 c6 14. Ba3 Re8
15. Bd6 Ra8 16. Rxb7 Nb6 17. Qh5 g6 18. Rfxf7 1-0

[Event "Let's Play Chess!"]
[Site "http://www.queenalice.com/game.php?id=165646"]
[Date "2007.2.9"]
[Round "-"]
[White "testplayer"]
[Black "awesome"]
[Result "0-1"]
[WhiteElo "1290"]
[BlackElo "1325"]

1. Nf3 Nf6 2. c4 Nc6 3. d4 e6 4. a3 Be7 5. Nc3 O-O 6. e4 d6 7. Nh4 Nxe4 8. Nf3
Nxc3 9. bxc3 Re8 10. Bd3 e5 11. d5 Nb8 12. Qc2 g6 13. h4 Bf8 14. h5 Bf5 15. Bxf5
gxf5 16. Qxf5 Nd7 17. Ng5 Nf6 18. Rh3 Bg7 19. h6 Qc8 20. Qd3 e4 21. Qg3 Qg4 22.
Qxg4 Nxg4 23. hxg7 h6 24. Rg3 Ne5 25. Nh3 Nxc4 26. Bxh6 Re5 27. O-O-O Rh5 28.
Bf4 Re8 29. Be3 Nxa3 30. Bxa7 b6 31. Nf4 Rh4 32. Rg5 Nb5 33. Bxb6 cxb6 34. Kc2
Re5 35. Nh3 Rxh3 36. Rg4 Rxc3+ 0-1

[Event "Let's Play Chess!"]
[Site "http://www.queenalice.com/game.php?id=166599"]
[Date "2007.2.10"]
[Round "-"]
[White "awesome"]
[Black "tiagohi"]
[Result "1-0"]
[WhiteElo "1316"]
[BlackElo "1099"]

1. Nf3 d5 2. d4 b6 3. Nc3 c5 4. e3 Bg4 5. Be2 Na6 6. Bxa6 Qd7 7. Bb5 Bxf3 8.
Qxf3 Qxb5 9. Nxb5 Kd8 10. Qxd5+ Ke8 11. Qxa8+ Kd7 12. Qxa7+ Ke6 13. Qxb6+ Kf5
14. Qxc5+ Kg6 15. e4 e6 16. Qg5# 1-0

[Event "Let's Play Chess!"]
[Site "http://www.queenalice.com/game.php?id=167153"]
[Date "2007.2.11"]
[Round "-"]
[White "vulture"]
[Black "awesome"]
[Result "1-0"]
[WhiteElo "1412"]
[BlackElo "1343"]

1. e4 e5 2. Nf3 Nc6 3. Bc4 Be7 4. d3 Nf6 5. O-O O-O 6. Re1 d5 7. exd5 Nxd5 8.
Nc3 Nxc3 9. bxc3 Bg4 10. Re4 Qd7 11. Qe1 Bxf3 12. gxf3 Kh8 13. Bb2 f5 14. Re2 e4
15. dxe4 fxe4 16. Rd1 exf3 17. Rxd7 1-0

[Event "Let's Play Chess!"]
[Site "http://www.queenalice.com/game.php?id=168157"]
[Date "2007.2.13"]
[Round "-"]
[White "glmelo"]
[Black "awesome"]
[Result "1-0"]
[WhiteElo "1857"]
[BlackElo "1336"]

1. e4 e5 2. Nf3 Nc6 3. Bb5 d6 4. d4 Bd7 5. Nc3 Nf6 6. O-O a6 7. Bxc6 Bxc6 8.
dxe5 dxe5 9. Nxe5 Bd6 10. Nxc6 bxc6 11. Qf3 O-O 12. Bf4 Bxf4 13. Qxf4 Re8 14.
Rfe1 Nh5 15. Qf5 Nf6 16. a3 1-0

[Event "Let's Play Chess!"]
[Site "http://www.queenalice.com/game.php?id=168628"]
[Date "2007.2.14"]
[Round "-"]
[White "NeTrOx"]
[Black "awesome"]
[Result "1-0"]
[WhiteElo "1702"]
[BlackElo "1320"]

1. d4 d5 2. c4 c6 3. Nc3 Nf6 4. Bg5 e6 5. Nf3 Be7 6. e3 O-O 7. Bd3 Nbd7 8. O-O
h6 9. Bh4 Kh8 10. cxd5 cxd5 11. Rc1 Nb6 12. Ne5 Bd6 13. f4 Nbd7 14. e4 Bxe5 15.
dxe5 dxe4 16. exf6 exd3 17. fxg7+ 1-0